000 00870nam a2200265 i 4500
001 000038361
003 DO-SdBNP
005 20241025103656.0
007 ta
008 130409s1992 dr ac 000 0 spa d
040 _aDO-SdBNP
_bspa
_cBNPHU
_erda
082 4 _axx
_bP438f
_222
100 1 _aPérez y Pérez, Rafael Leonidas,
_919964
_eautor
245 1 0 _aFundación de duverge y otros temas /
_cRafael Leonidas Pérez y Pérez ; prólogo, José Rijo.
264 _aSanto Domingo
_bOffset Nítida,
_c1992.
300 _a337 páginas ;
_c23 cm.
336 _2rdacontent
_atexto
_btxt
337 _2rdamedia
_asin mediación
_bn
338 _2rdacarrier
_avolumen
_bnc
500 _aIncluye referencias bibliográficas y notas al pie de las páginas
590 _aInventariado, 2024/BT
700 1 _aRijo, José
_917550
_eprólogo
910 _aBT
942 _2ddc
_cLBS1
999 _c37851
_d37851